Древнобългарското езиково наследство (Запис номер 520313)
[ съкратено ]
| 000 -Лидер | |
|---|---|
| Лидер | 01037nam a2200289 a 4500 |
| 003 - Код на организацията, давaща контролен номер | |
| Код на организацията, даваща контролен номер | BLK |
| 005 - Дата и час на последна редакция | |
| Дата и час на последна редакция | 20250228091218.0 |
| 008 - Елементи от данни с фиксирана дължина | |
| Елементи с фиксирана дължина | 210301b bu |||||r|||| 00| | bu d |
| 020 ## - Международен стандартен номер на книга ISBN | |
| ISBN | 9786197756159 |
| 040 ## - Източник на каталожния запис | |
| Код на библиотеката | BLK |
| 041 ## - Код за език | |
| Език | Български |
| Език за КДБФ | Български |
| 080 ## - УДК | |
| УДК текст | Български език |
| УДК код | 811.163.2 |
| УДК – код + определител | '01 |
| 9 (RLIN) | 227955 |
| УДК – определител | 811.163.2'01 |
| 080 ## - УДК | |
| УДК текст | Писменост |
| УДК код | 003.3 |
| УДК – код + определител | 003.3 |
| 084 ## - Класификационен индекс по друга класификация | |
| Авторски знак | Воини - В 80 |
| 100 1# - Редна дума - Автор | |
| Автор | Войников, Живко Гочев |
| R(LIN) | 49048 |
| 245 ## - Сведения за заглавието | |
| Заглавие | Древнобългарското езиково наследство |
| Авторска отговорност | Живко Войников |
| 260 ## - Област на издателските данни | |
| 9 (RLIN) | 220054 |
| Място на издаване | Плевен |
| Име на издателя | Еделвайс |
| Година на издаване | 2024 |
| 300 ## - Физическа характеристика | |
| Брой страници | 592 с. |
| Размер | 24 см |
| 380 ## - Жанр | |
| Жанр | Езикознание. Филология |
| 504 ## - Забележка за наличие на библиография и др | |
| Библиография | Библиогр.: с. 296-309 |
| 650 #0 - Допълнително описание по предмет – тема | |
| 9 (RLIN) | 244177 |
| Предметна рубрика | Български език - история |
| 650 #0 - Допълнително описание по предмет – тема | |
| 9 (RLIN) | 274807 |
| Предметна рубрика | Прабългарски език - писмо |
| 852 ## - Местоположение | |
| Сигнатура (форматна) | Цб 326213 |
| 852 ## - Местоположение | |
| Отдел | Читалня |
| Систематично-азбучна сигнатура | 811.163.2/В 80 Ж |
| 942 ## - АРТИКУЛИ | |
| Вид на библиотечния документ | Книги |
| Скрит в OPAC | Не |
| Периодичен библиозапис | Да |
| Koha issues (borrowed), all copies | 1 |
| 944 ## - СЪЗДАВАНЕ И РЕДАКЦИЯ на ЗАПИСА | |
| Дата на регистрацията/редакция | Нора Радева |
| Служител, извършил регистрацията/редакцията | 30560 |
| Номер на служител | Геновева Генчева |
| 999 ## - СИСТЕМНИ КОНТРОЛНИ НОМЕРА | |
| Koha biblionumber | 520313 |
| Koha biblioitemnumber | 520313 |
| Код за отписване | Код за изгубен артикул | Източник на класификационната схема | Код за повреда | Коз за рестрикции | Код за отдаване | Артикулен № | Име на библиотеката - собственик | Име на библиотеката, в която се намира в момента | Статус (Текущо местоположение) | Дата на вписване в системата | Местоположение - отдел | Цена в лева | Инвентарен номер | Систематично азбучна сигнатура | Баркод | Цена в евро | Служебен тип на артикула |
|---|---|---|---|---|---|---|---|---|---|---|---|---|---|---|---|---|---|
| Не е изгубен | Universal Decimal Classification | Не е повреден | само за читалня | ползва се в читалня | 953028 | Регионална библиотека "Любен Каравелов" Русе | Регионална библиотека "Любен Каравелов" Русе | Читалня | 2024-10-24 | Читалня | 21.73 | 120000914078 | 811.163.2/В 80 Ж | 120000914078 | 11.11 | Книги | |
| Не е изгубен | Universal Decimal Classification | Не е повреден | само за читалня | ползва се в читалня | 960730 | Регионална библиотека "Любен Каравелов" Русе | Регионална библиотека "Любен Каравелов" Русе | Хранилище | 2025-02-11 | Хранилище | 29.00 | 120000917858 | Цб 326213 | 120000917858 | 14.83 | Книги |